| 000 | 00706cam a22002413a 4500 | ||
|---|---|---|---|
| 001 | 2050 | ||
| 003 | PGUSA | ||
| 005 | 20140828083010.0 | ||
| 008 | 000101s2000||||xxu|||||s|||||000 | eng d | ||
| 040 |
_aPGUSA _beng |
||
| 042 | _adc | ||
| 050 | 4 | _aE300 | |
| 100 | 1 | _aHawkins, Walter | |
| 245 | 1 | 0 |
_aOld John Brown, the man whose soul is marching on _h[electronic resource] / _cWalter Hawkins |
| 260 |
_bProject Gutenberg, _c2000 |
||
| 506 | _aPublic domain in the USA. | ||
| 516 | _aElectronic text | ||
| 653 | _aBrown, John, 1800-1859 | ||
| 653 | _aAbolitionists -- United States -- Biography | ||
| 830 | 0 |
_aProject Gutenberg _v2050 |
|
| 856 | 4 | 0 | _uhttp://www.gutenberg.org/ebooks/2050 |
| 942 | _cEB | ||
| 999 |
_c231389 _d231389 |
||